[Event "FRA-ch blitz"]
[Site "Paris"]
[Date "2010.??.??"]
[Round "2"]
[White "Cornette, Matthieu"]
[Black "Palacios Aguilar, Diego Andre"]
[Result "1-0"]
[WhiteElo "2570"]
[BlackElo "1780"]
[PlyCount "111"]
[EventDate "2010.02.??"]
[EventType "tourn (blitz)"]
[EventRounds "13"]
[EventCountry "FRA"]
[SourceTitle "EXT 2011"]
[Source "ChessBase"]
[SourceDate "2010.11.26"]
[SourceVersion "1"]
[SourceVersionDate "2010.11.26"]
[SourceQuality "1"]

1. e4 c5 2. Nf3 Nc6 3. Nc3 g6 4. Bb5 Bg7 5. 0-0 d6 6. e5 Bd7 7. exd6 exd6 8. d4 Nge7 9. Ne4 Bf5 10. Qe2 0-0 11. dxc5 Bxe4 12. cxd6 Bxf3 13. dxe7 Bxe2 14. exd8Q Raxd8 15. Bxe2 Rfe8 16. Bb5 Re6 17. Bg5 Rd5 18. Bxc6 bxc6 19. Be3 Bxb2 20. Rab1 Bd4 21. c4 Rd8 22. Bg5 f6 23. Bf4 Bb6 24. Rfe1 Rxe1+ 25. Rxe1 Kf7 26. Kf1 g5 27. Bc1 Rd4 28. Ba3 Rxc4 29. Re2 Ra4 30. Bc1 Rc4 31. Ba3 c5 32. g3 Rd4 33. Bb2 Rd6 34. Kg2 Re6 35. Rd2 Ke7 36. Rd5 Re5 37. Bxe5 Ke6 38. Rd1 fxe5 39. Kf3 c4 40. Ke4 Bxf2 41. Rc1 h5 42. Rxc4 h4 43. gxh4 gxh4 44. h3 Bg3 45. Ra4 Bf2 46. Ra6+ Kd7 47. Kxe5 Bg3+ 48. Kd5 Kc7 49. Rxa7+ Kb6 50. Rh7 Kb5 51. Rb7+ Ka6 52. Rb3 Ka5 53. Kc4 Be1 54. Rb5+ Ka6 55. Rh5 Bg3 56. a4 1-0

[Event "FRA-ch U16"]
[Site "Aix les Bains"]
[Date "2009.04.25"]
[Round "8"]
[White "Palacios Aguilar, Diego Andre"]
[Black "Dubessay, Bastien"]
[Result "0-1"]
[WhiteElo "1862"]
[BlackElo "2134"]
[PlyCount "53"]
[EventDate "2009.04.19"]
[EventType "swiss"]
[EventRounds "9"]
[EventCountry "FRA"]
[SourceTitle "CBM 130 Extra"]
[Source "ChessBase"]
[SourceDate "2009.07.02"]
[SourceVersion "2"]
[SourceVersionDate "2009.07.15"]
[SourceQuality "1"]

1. e4 c5 2. Nf3 d6 3. d4 cxd4 4. Nxd4 Nf6 5. Nc3 Nc6 6. Nxc6 bxc6 7. Be2 e5 8. 0-0 Be7 9. a4 a5 10. b3 0-0 11. Ba3 Be6 12. Qd3 Qc7 13. Rfd1 Rad8 14. h3 d5 15. Bxe7 Qxe7 16. exd5 cxd5 17. Qg3 d4 18. Nb5 Qc5 19. Rac1 Ne4 20. Qh4 f5 21. Bd3 Nf6 22. c3 dxc3 23. Rxc3 Qb4 24. Qg3 Ne4 25. Qxe5 Nxc3 26. Qxe6+ Kh8 27. Rd2 0-1

[Event "FRA-ch U14"]
[Site "Le Grand Bornand"]
[Date "2007.04.??"]
[Round "1"]
[White "Palacios Aguilar, Diego Andre"]
[Black "Samoun, Florent"]
[Result "0-1"]
[WhiteElo "1795"]
[BlackElo "1987"]
[PlyCount "88"]
[EventDate "2007.04.07"]
[EventType "swiss"]
[EventRounds "9"]
[EventCountry "FRA"]
[SourceTitle "CBM 118 Extra"]
[Source "ChessBase"]
[SourceDate "2007.07.04"]
[SourceVersion "1"]
[SourceVersionDate "2007.07.04"]
[SourceQuality "1"]

1. e4 c5 2. c3 e6 3. d4 d5 4. e5 Nc6 5. Nf3 Qb6 6. Bd3 Bd7 7. Bc2 cxd4 8. cxd4 f6 9. exf6 Nxf6 10. 0-0 Bd6 11. Nc3 0-0 12. Re1 Rae8 13. Bg5 Kh8 14. a3 g6 15. Bh6 Rf7 16. Ng5 Rfe7 17. Qf3 Qxd4 18. Rad1 Qh4 19. Qxf6+ Kg8 20. Nge4 Bxh2+ 21. Kf1 Qxh6 22. Qg5 Qxg5 23. Nxg5 Bf4 24. Nf3 Na5 25. Ne5 Bxe5 26. Rxe5 Nc4 27. Re2 Nxb2 28. Rb1 Nc4 29. Rxb7 Bc6 30. Rxe7 Rxe7 31. Bb3 Kf7 32. Bxc4 dxc4 33. Re5 Rd7 34. Rc5 Bd5 35. Nxd5 exd5 36. Ke2 Ke6 37. Kd2 Ke5 38. Kc3 Rb7 39. a4 Rb3+ 40. Kc2 Rb7 41. a5 Kd4 42. Rc6 Re7 43. a6 Re2+ 44. Kd1 Ra2 0-1